Ursachen und Folgen des Bedarfs nach individuellen Softwarelösungen in den digitalen Geisteswissenschaften am Beispiel der bayerischen Dialektwörterbücher der Bayerischen Akademie der Wissenschaften
Elmentve itt :
| Szerző: | |
|---|---|
| Dokumentumtípus: | Könyv része |
| Megjelent: |
University of Szeged, Department of Finno-Ugric Studies - Universität Hamburg, Zentrum für Sprachkorpora
Szeged
2022
|
| Sorozat: | Working Papers in Corpus Linguistics and Digital Technologies : Analyses and methodology
Working Papers in Corpus Linguistics and Digital Technologies: Analyses and Methodology |
| Kulcsszavak: | Adatfeldolgozás - nyelvészeti, Nyelvészet - számítógép alkalmazása |
| Tárgyszavak: | |
| doi: | 10.14232/wpcl.2022.7.5 |
| Online Access: | http://acta.bibl.u-szeged.hu/77994 |
| LEADER | 01251naa a2200241 i 4500 | ||
|---|---|---|---|
| 001 | acta77994 | ||
| 005 | 20251106131005.0 | ||
| 008 | 221220s2022 hu o 000 ger d | ||
| 020 | |a 978-963-306-872-4 | ||
| 022 | |a 2677-0857 | ||
| 024 | 7 | |a 10.14232/wpcl.2022.7.5 |2 doi | |
| 040 | |a SZTE Egyetemi Kiadványok Repozitórium |b hun | ||
| 041 | |a ger | ||
| 100 | 1 | |a Raaf Manuel | |
| 245 | 1 | 0 | |a Ursachen und Folgen des Bedarfs nach individuellen Softwarelösungen in den digitalen Geisteswissenschaften am Beispiel der bayerischen Dialektwörterbücher der Bayerischen Akademie der Wissenschaften |h [elektronikus dokumentum] / |c Raaf Manuel |
| 260 | |a University of Szeged, Department of Finno-Ugric Studies - Universität Hamburg, Zentrum für Sprachkorpora |b Szeged |c 2022 | ||
| 300 | |a 81-99 | ||
| 490 | 0 | |a Working Papers in Corpus Linguistics and Digital Technologies : Analyses and methodology | |
| 490 | 0 | |a Working Papers in Corpus Linguistics and Digital Technologies: Analyses and Methodology | |
| 650 | 4 | |a Bölcsészettudományok | |
| 650 | 4 | |a Nyelvek és irodalom | |
| 695 | |a Adatfeldolgozás - nyelvészeti, Nyelvészet - számítógép alkalmazása | ||
| 856 | 4 | 0 | |u http://acta.bibl.u-szeged.hu/77994/1/working_papers_2022_007_081-099.pdf |z Dokumentum-elérés |